A-Z Guide for Sports Research

Bibliographic Details
Main Authors: Azlina Zid (Author), Hajar Azmidar Samat (Author), Jamatul Shahidah Shaari (Author), Jamiaton Kusrin (Author), Maizan Mohd Nor (Author), Nurul Ain Muhammad Rafiai (Author), Siti Aishah Wahab (Author)
Format: Book
Language:English
Published: Shah Alam, Selangor : Penerbit UiTM 2020
Subjects:

MARC

LEADER 00000cam a2200000 7i4500
001 0000141037
005 20210827.0
008 210827t2020 my # xb h k eng
020 |a 9789673636112 
040 |a PERPUSTAM   |b eng   |c PERPUSTAM   |e rda 
090 0 0 |a 808.066378   |b AZL 
100 0 |a Azlina Zid ,   |e author 
245 1 0 |a A-Z Guide for Sports Research   |c Azlina Zid, Hajar Azmidar Samat, Jamatul Shahidah Shaari, Jamiaton Kusrin, Maizan Mohd Nor, Nurul Ain Muhammad Rafiai, Siti Aishah Wahab 
264 1 |a Shah Alam, Selangor :   |b Penerbit UiTM   |c 2020 
264 4 |c ©2020 
300 |a xiii, 58 pages, 10 unnumbered pages ;   |c 25 cm. 
336 |a text  |2 rdacontent 
337 |a unmediated  |2 rdamedia 
338 |a volume  |2 rdacarrier 
500 |a Includes index 
504 |a Bibliography: page [65] 
650 1 0 |a Academic writing 
650 2 0 |a Government publications   |z Malaysia 
650 2 0 |a Sports sciences   |x Research 
650 2 0 |a Sports   |x Research 
700 0 |a Hajar Azmidar Samat ,   |e author 
700 0 |a Jamatul Shahidah Shaari ,   |e author 
700 0 |a Jamiaton Kusrin ,   |e author 
700 0 |a Maizan Mohd Nor ,   |e author 
700 0 |a Nurul Ain Muhammad Rafiai ,   |e author 
700 0 |a Siti Aishah Wahab ,   |e author 
999 |a 0000716685   |b Buku   |c Rak Terbuka   |e Perbadanan Perpustakaan Awam Melaka 
999 |a 0000716686   |b Buku   |c Rak Terbuka   |e Perbadanan Perpustakaan Awam Melaka 
999 |a 0000716687   |b Buku   |c Rak Terbuka   |e Perbadanan Perpustakaan Awam Melaka 
999 |a 0000716688   |b Buku   |c Rak Terbuka   |e Perpustakaan Cawangan Jasin 
999 |a 0000716689   |b Buku   |c Rak Terbuka   |e Perpustakaan Cawangan Masjid Tanah 
999 |a 0000716690   |b Buku   |c Rak Terbuka   |e Perpustakaan Cawangan Merlimau 
999 |a 0000716691   |b Buku   |c Rak Terbuka   |e Perpustakaan Komuniti UTC Melaka